000
00338 a2200157 4500
001
56462
020
_a
9788508106936
040
_c
Anchieta - Pituba
100
_a
Abramovich, Fanny
240
1
0
_a
Cruzando caminhos
_l
por
245
1
0
_a
Cruzando caminhos
300
_a
88
362
0
_a
2008
650
4
_a
Literatura juvenil
942
_c
BK
999
_c
56462
_d
56462